<?xml version="1.0" encoding="UTF-8"?>
<record
    xmlns:xsi="http://www.w3.org/2001/XMLSchema-instance"
    xsi:schemaLocation="http://www.loc.gov/MARC21/slim http://www.loc.gov/standards/marcxml/schema/MARC21slim.xsd"
    xmlns="http://www.loc.gov/MARC21/slim">

  <leader>00528nam a22001937a 4500</leader>
  <controlfield tag="001">BT-PhCST</controlfield>
  <controlfield tag="003">BT-PhCST</controlfield>
  <controlfield tag="005">20190204172200.0</controlfield>
  <controlfield tag="008">161010b        xxu||||| |||| 00| 0 eng d</controlfield>
  <datafield tag="040" ind1=" " ind2=" ">
    <subfield code="a">BT-PhCST</subfield>
    <subfield code="c">BT-PhCST</subfield>
    <subfield code="d">BT-PhCST</subfield>
  </datafield>
  <datafield tag="050" ind1=" " ind2=" ">
    <subfield code="a">476</subfield>
  </datafield>
  <datafield tag="082" ind1=" " ind2=" ">
    <subfield code="2">22</subfield>
    <subfield code="a">621.3104220</subfield>
  </datafield>
  <datafield tag="100" ind1=" " ind2=" ">
    <subfield code="a">Still, Alfred and Siskind, Charles S</subfield>
  </datafield>
  <datafield tag="245" ind1=" " ind2=" ">
    <subfield code="a">Elements of  electrical machines desing /</subfield>
  </datafield>
  <datafield tag="250" ind1=" " ind2=" ">
    <subfield code="a">3rd </subfield>
  </datafield>
  <datafield tag="260" ind1=" " ind2=" ">
    <subfield code="a">22</subfield>
    <subfield code="b">New York,</subfield>
    <subfield code="c">McGraw- Hill Company,</subfield>
  </datafield>
  <datafield tag="300" ind1=" " ind2=" ">
    <subfield code="a">ill. ;</subfield>
    <subfield code="b">xx, 445 p. ;</subfield>
    <subfield code="c">23 cm.</subfield>
  </datafield>
  <datafield tag="942" ind1=" " ind2=" ">
    <subfield code="2">ddc</subfield>
    <subfield code="c">EE</subfield>
  </datafield>
  <datafield tag="999" ind1=" " ind2=" ">
    <subfield code="c">6481</subfield>
    <subfield code="d">6481</subfield>
  </datafield>
  <datafield tag="952" ind1=" " ind2=" ">
    <subfield code="0">0</subfield>
    <subfield code="1">0</subfield>
    <subfield code="2">ddc</subfield>
    <subfield code="4">0</subfield>
    <subfield code="7">0</subfield>
    <subfield code="a">LIB001</subfield>
    <subfield code="b">LIB001</subfield>
    <subfield code="d">2016-10-10</subfield>
    <subfield code="l">0</subfield>
    <subfield code="m">6</subfield>
    <subfield code="o">621.3104220</subfield>
    <subfield code="p">17490</subfield>
    <subfield code="r">2017-06-10 00:00:00</subfield>
    <subfield code="w">2016-10-10</subfield>
    <subfield code="y">EE</subfield>
  </datafield>
  <datafield tag="952" ind1=" " ind2=" ">
    <subfield code="0">0</subfield>
    <subfield code="1">0</subfield>
    <subfield code="2">ddc</subfield>
    <subfield code="4">0</subfield>
    <subfield code="7">0</subfield>
    <subfield code="a">LIB001</subfield>
    <subfield code="b">LIB001</subfield>
    <subfield code="d">2016-10-12</subfield>
    <subfield code="l">0</subfield>
    <subfield code="o">621.3104220</subfield>
    <subfield code="p">17493</subfield>
    <subfield code="r">2016-10-12 00:00:00</subfield>
    <subfield code="w">2016-10-12</subfield>
    <subfield code="y">EE</subfield>
  </datafield>
  <datafield tag="952" ind1=" " ind2=" ">
    <subfield code="0">0</subfield>
    <subfield code="1">0</subfield>
    <subfield code="2">ddc</subfield>
    <subfield code="4">0</subfield>
    <subfield code="7">0</subfield>
    <subfield code="a">LIB001</subfield>
    <subfield code="b">LIB001</subfield>
    <subfield code="d">2016-10-12</subfield>
    <subfield code="l">0</subfield>
    <subfield code="o">621.3104220</subfield>
    <subfield code="p">17494</subfield>
    <subfield code="r">2016-10-12 00:00:00</subfield>
    <subfield code="w">2016-10-12</subfield>
    <subfield code="y">EE</subfield>
  </datafield>
  <datafield tag="952" ind1=" " ind2=" ">
    <subfield code="0">0</subfield>
    <subfield code="1">0</subfield>
    <subfield code="2">ddc</subfield>
    <subfield code="4">0</subfield>
    <subfield code="7">0</subfield>
    <subfield code="a">LIB001</subfield>
    <subfield code="b">LIB001</subfield>
    <subfield code="d">2016-10-12</subfield>
    <subfield code="l">0</subfield>
    <subfield code="o">621.3104220</subfield>
    <subfield code="p">17488</subfield>
    <subfield code="r">2016-10-12 00:00:00</subfield>
    <subfield code="w">2016-10-12</subfield>
    <subfield code="y">EE</subfield>
  </datafield>
  <datafield tag="952" ind1=" " ind2=" ">
    <subfield code="0">0</subfield>
    <subfield code="1">0</subfield>
    <subfield code="2">ddc</subfield>
    <subfield code="4">0</subfield>
    <subfield code="7">0</subfield>
    <subfield code="a">LIB001</subfield>
    <subfield code="b">LIB001</subfield>
    <subfield code="d">2016-10-12</subfield>
    <subfield code="l">0</subfield>
    <subfield code="o">621.3104220</subfield>
    <subfield code="p">17492</subfield>
    <subfield code="r">2016-10-12 00:00:00</subfield>
    <subfield code="w">2016-10-12</subfield>
    <subfield code="y">EE</subfield>
  </datafield>
  <datafield tag="952" ind1=" " ind2=" ">
    <subfield code="0">0</subfield>
    <subfield code="1">0</subfield>
    <subfield code="2">ddc</subfield>
    <subfield code="4">0</subfield>
    <subfield code="7">0</subfield>
    <subfield code="a">LIB001</subfield>
    <subfield code="b">LIB001</subfield>
    <subfield code="d">2016-10-12</subfield>
    <subfield code="l">0</subfield>
    <subfield code="o">621.3104220</subfield>
    <subfield code="p">17487</subfield>
    <subfield code="r">2016-10-12 00:00:00</subfield>
    <subfield code="w">2016-10-12</subfield>
    <subfield code="y">EE</subfield>
  </datafield>
  <datafield tag="952" ind1=" " ind2=" ">
    <subfield code="0">0</subfield>
    <subfield code="1">0</subfield>
    <subfield code="2">ddc</subfield>
    <subfield code="4">0</subfield>
    <subfield code="7">0</subfield>
    <subfield code="a">LIB001</subfield>
    <subfield code="b">LIB001</subfield>
    <subfield code="d">2016-10-12</subfield>
    <subfield code="l">0</subfield>
    <subfield code="o">621.3104220</subfield>
    <subfield code="p">17489</subfield>
    <subfield code="r">2016-10-12 00:00:00</subfield>
    <subfield code="w">2016-10-12</subfield>
    <subfield code="y">EE</subfield>
  </datafield>
  <datafield tag="952" ind1=" " ind2=" ">
    <subfield code="0">0</subfield>
    <subfield code="1">0</subfield>
    <subfield code="2">ddc</subfield>
    <subfield code="4">0</subfield>
    <subfield code="7">0</subfield>
    <subfield code="a">LIB001</subfield>
    <subfield code="b">LIB001</subfield>
    <subfield code="d">2016-10-12</subfield>
    <subfield code="l">0</subfield>
    <subfield code="o">621.3104220</subfield>
    <subfield code="p">17491</subfield>
    <subfield code="r">2016-10-12 00:00:00</subfield>
    <subfield code="w">2016-10-12</subfield>
    <subfield code="y">EE</subfield>
  </datafield>
  <datafield tag="952" ind1=" " ind2=" ">
    <subfield code="0">0</subfield>
    <subfield code="1">0</subfield>
    <subfield code="2">ddc</subfield>
    <subfield code="4">0</subfield>
    <subfield code="7">0</subfield>
    <subfield code="a">LIB001</subfield>
    <subfield code="b">LIB001</subfield>
    <subfield code="d">2016-10-12</subfield>
    <subfield code="l">0</subfield>
    <subfield code="o">621.3104220</subfield>
    <subfield code="p">17495</subfield>
    <subfield code="r">2016-10-12 00:00:00</subfield>
    <subfield code="w">2016-10-12</subfield>
    <subfield code="y">EE</subfield>
  </datafield>
  <datafield tag="952" ind1=" " ind2=" ">
    <subfield code="0">0</subfield>
    <subfield code="1">0</subfield>
    <subfield code="2">ddc</subfield>
    <subfield code="4">0</subfield>
    <subfield code="7">0</subfield>
    <subfield code="a">LIB001</subfield>
    <subfield code="b">LIB001</subfield>
    <subfield code="d">2016-10-12</subfield>
    <subfield code="l">0</subfield>
    <subfield code="o">621.3104220</subfield>
    <subfield code="p">17486</subfield>
    <subfield code="r">2016-10-12 00:00:00</subfield>
    <subfield code="w">2016-10-12</subfield>
    <subfield code="y">EE</subfield>
  </datafield>
</record>
